000 00652 a2200241 4500
260 _aParis
630 _aDroit, législation, administration
650 _aG
260 _bCNRS
245 _aJurisprudence du Conseil d'Etat et du Tribunal des Conflits : tables décennales 1965-1974. Tome 6 : de professions, charges et offices à voirie
300 _a1143 p.
650 _aSécurité Sociale
650 _aJuridictions administratives
650 _aActes juridiques
260 _c1976
300 _b22,5c
100 _lFr
110 _aConseil d'Etat
037 _aDe 000615
020 _a2-222-02016-6
999 _c37099
_d37099